|
|
|
|
| LEADER |
00000cam a22000004a 4500 |
| 001 |
musev2_10040 |
| 003 |
MdBmJHUP |
| 005 |
20230905041139.0 |
| 006 |
m o d |
| 007 |
cr||||||||nn|n |
| 008 |
070621s2007 kyu o 00 0 eng d |
| 010 |
|
|
|z 2007025152
|
| 020 |
|
|
|a 9780813172804
|
| 020 |
|
|
|z 9780813124711
|
| 020 |
|
|
|z 9780813136981
|
| 035 |
|
|
|a (OCoLC)182523192
|
| 040 |
|
|
|a MdBmJHUP
|c MdBmJHUP
|
| 043 |
|
|
|a n-usu--
|
| 050 |
0 |
4 |
|a HV5187
|b .C65 2007
|
| 082 |
0 |
|
|a 363.4/1097509034
|2 22
|
| 100 |
1 |
|
|a Coker, Joe L.,
|d 1969-
|
| 245 |
1 |
0 |
|a Liquor in the Land of the Lost Cause :
|b Southern White Evangelicals and the Prohibition Movement /
|c Joe L. Coker.
|
| 264 |
|
1 |
|a Lexington, Ky. :
|b University Press of Kentucky,
|c 2007.
|
| 264 |
|
3 |
|a Baltimore, Md. :
|b Project MUSE,
|c 2012
|
| 264 |
|
4 |
|c ©2007.
|
| 300 |
|
|
|a 1 online resource (344 pages).
|
| 336 |
|
|
|a text
|b txt
|2 rdacontent
|
| 337 |
|
|
|a computer
|b c
|2 rdamedia
|
| 338 |
|
|
|a online resource
|b cr
|2 rdacarrier
|
| 504 |
|
|
|a Includes bibliographical references (p. 303-321) and index.
|
| 505 |
0 |
|
|a Introduction -- "Distilled damnation" : temperance before 1880 -- "It is not enough that the church should be sober" : drying up the South, 1880-1915 -- "Why don't he give his attention to saving sinners?" : prohibition and politics -- "But what seek those dark ballots?" : prohibition and race -- "Let the cowards vote as they will, I'm for prohibition still" : prohibition and the southern cult of honor -- "Some of our best preachers part their hair in the middle" : prohibition and gender -- Conclusion.
|
| 588 |
|
|
|a Description based on print version record.
|
| 650 |
|
0 |
|a Prohibition
|z Southern States
|x History.
|
| 650 |
|
0 |
|a Temperance and religion
|z Southern States
|x History.
|
| 655 |
|
7 |
|a Electronic books.
|2 local
|
| 710 |
2 |
|
|a Project Muse.
|e distributor
|
| 830 |
|
0 |
|a Book collections on Project MUSE.
|
| 856 |
4 |
0 |
|z Texto completo
|u https://projectmuse.uam.elogim.com/book/10040/
|
| 945 |
|
|
|a Project MUSE - Custom Collection
|
| 945 |
|
|
|a Project MUSE - Archive Complete Foundation
|
| 945 |
|
|
|a Project MUSE - Archive US Regional Studies, South Foundation
|